000 00287nam a2200121Ia 4500
005 20251222144746.0
008 251222s9999||||xx |||||||||||||| ||spa||
082 _a282.1/G15
100 _aGallardo, Paulino
245 0 _aObras de San Gregorio Magno
264 _bCatólica
942 _cLIB
999 _c19144
_d19144